000 00481nam a2200181Ia 4500
005 20250508162331.0
008 008 250505s9999 xx 000 0 eng d
037 _aTextual
040 _aFEDL
_beng
_cFEDL
041 _aeng
_2eng
084 _a910.091, BUC
_qFEDL
100 _aBucknell J
245 0 _aClimatology : An introducation
260 _aLondon, UK
_bMacmillan
_c1966
300 _a163p.
942 _cTEXL
_h910.091, BUC
999 _c1375900
_d1375900